000 00332nam a2200145Ia 4500
100 _aHobbyist ed.
650 _aElectrical Engineering
942 _cBK
654 _atelevision
245 _aIntroduction to colour T.V.
260 _bBusiness promotion B.
_aDelhi
_c1981
082 _a621.38
300 _a120
546 _aENGLISH
999 _c23071
_d23071